| 000 | 00652cam a22002294a 4500 | ||
|---|---|---|---|
| 999 |
_c141537 _d141537 |
||
| 003 | UPN | ||
| 005 | 20240320063709.0 | ||
| 008 | 090217s2000 es a r 000 f spa d | ||
| 020 | _a8487265995 | ||
| 035 | _aUPN01000169431 | ||
| 040 |
_aUPN _bspa _cUPN |
||
| 049 | _aCG | ||
| 050 | 4 |
_aPS3562 E3.4 _bY3.6 |
|
| 100 | 1 |
_aLederer, Michael, _d1956- _943580 |
|
| 245 | 1 | 0 |
_aYa nada dura eternamente / _cMichael Lederer ; il. de Genia Chef ; tr. de Albert Solé. |
| 260 |
_aBarcelona, Esp. : _bParsifal, _c2000. |
||
| 300 |
_a110 p. : _bil. col. |
||
| 490 | 0 | _aNovedad | |
| 650 | 4 |
_aNovela estadounidense _94462 |
|
| 905 | _aLibro | ||
| 942 |
_2lcc _cLIBRO |
||